Métodos y técnicas de encuesta

Guardat en:
Dades bibliogràfiques
Autor principal: Lopes, Valdecir F.
Format: Text
Publicat: Santiago : CELADE
Matèries:
Etiquetes: Afegir etiqueta
Sense etiquetes, Sigues el primer a etiquetar aquest registre!

MARC

LEADER 00000 a a2200000 04500
001 17795
003
040
020 |a [sin ISBN]  
090 |a 1001 C397m  
100 |a Lopes, Valdecir F.  
245 |a Métodos y técnicas de encuesta  
260 |a Santiago :   |b CELADE  
300 |a 62 p.  
650 |a ENCUESTAS  
650 |a METODOLOGIA  
999 |c 15822  |d 15822